| 000 | 01005nmc a2200325 a 4500 | ||
|---|---|---|---|
| 003 | AR-BaBNM | ||
| 005 | 20251128203652.0 | ||
| 008 | 116119s1967 ||||||||||||||000 | spa|| | ||
| 040 | _cAR-BaBNM | ||
| 100 | 1 | _aIsambert, André | |
| 245 | 1 | 0 | _aLa educación de los padres |
| 250 | _a3ª ed. | ||
| 260 |
_aBarcelona _bLuis Miracle _c1967 |
||
| 300 | 0 | _a239 p. | |
| 490 | 0 |
_aBiblioteca práctica de pedagogía y psicopatología de la infancia _vv. 26 |
|
| 500 | 0 | _aContiene referencias de la Escuela para Padres | |
| 504 | _aBibliografía: p. 233-239 | ||
| 650 | 4 | _aEDUCACION FAMILIAR | |
| 650 | 4 | _aPROGRAMAS DE EDUCACION DE LOS PADRES | |
| 650 | 4 | _aRESPONSABILIDAD DE LOS PADRES | |
| 650 | 4 | _aAMBIENTE FAMILIAR | |
| 650 | 4 | _aASESORAMIENTO FAMILIAR | |
| 650 | 4 | _aRELACIONES FAMILIARES | |
| 700 | 1 |
_aBages de Brachfeld, María _etraductor |
|
| 700 | 1 |
_aHeuyer, Georges _eprologuista |
|
| 800 | 1 | _aHeuyer, Georges | |
| 800 | 1 |
_aJoulia, Pierre _edirector |
|
| 942 | _cBK | ||
| 998 | _cSILVI | ||
| 999 |
_c4411 _d4411 |
||